书目信息 |
| 题名: |
结构设计原理
|
|
| 作者: | 叶见曙 主编 | |
| 分册: | ||
| 出版信息: | 北京 人民交通出版社 2005.06 |
|
| 页数: | 505页 | |
| 开本: | 26cm | |
| 丛书名: | ||
| 单 册: | ||
| 中图分类: | TU318 | |
| 科图分类: | ||
| 主题词: | 建筑结构--结构设计 | |
| 电子资源: | ||
| ISBN: | 7-114-05557-9 | |
| 000 | 00846nam0 2200241 450 | |
| 001 | 010239246531 | |
| 005 | 20061229161602.98 | |
| 010 | @a7-114-05557-9@dCNY51.00 | |
| 100 | @a20050704d2005 km y0chiy0120 ea | |
| 101 | 0 | @achi |
| 102 | @aCN@b110000 | |
| 105 | @aa a 000yy | |
| 200 | 1 | @a结构设计原理@Ajie gou she ji yuan li@f叶见曙主编@Fye jian shu zhu bian |
| 205 | @a第2版 | |
| 210 | @a北京@c人民交通出版社@d2005.06 | |
| 215 | @a505页@c图@d26cm | |
| 320 | @a有书目。 | |
| 330 | @a本书是根据最新国家标准和现行交通行业标准与设计规范编写的,对公路工程常用钢筋混凝土结构、预应力混凝土结构、圬工结构和钢结构的各种基本构件的受力特性、设计原理、计算方法和构造作了详尽介绍,并对钢—混凝土 | |
| 606 | 0 | @a建筑结构@x结构设计 |
| 690 | @aTU318@v4 | |
| 701 | 0 | @a叶见曙@Aye jian shu@4主编 |
| 801 | 0 | @aCN@c20061229 |
| 905 | @a10447@dTU318@eY432 | |
| 结构设计原理/叶见曙主编.-第2版.-北京:人民交通出版社,2005.06 |
| 505页:图;26cm |
| ISBN 7-114-05557-9:CNY51.00 |
| 本书是根据最新国家标准和现行交通行业标准与设计规范编写的,对公路工程常用钢筋混凝土结构、预应力混凝土结构、圬工结构和钢结构的各种基本构件的受力特性、设计原理、计算方法和构造作了详尽介绍,并对钢—混凝土 |
| ● |
| 相关链接 |
|
|
|
正题名:结构设计原理
索取号:TU318/Y432
 
预约/预借
| 序号 | 登录号 | 条形码 | 馆藏地/架位号 | 状态 | 备注 |
| 1 | 527485 | 205274852 | 建筑库101/ [索取号:TU318/Y432] | 在馆 | |
| 2 | 527486 | 205274861 | 建筑库101/101建筑库 80排3列1层/ [索取号:TU318/Y432] | 在馆 | |
| 3 | 639989 | 206399896 | 建筑库101/ [索取号:TU318/Y432] | 在馆 |